2020 NFL Pro Bowlers - Statistics

General Stats
  • This quiz has been taken 106 times
    87 since last reset
  • The average score is 46 of 121
Answer Stats
Hint Answer Conference % Correct
QB Patrick Mahomes II AFC
98%
QB Lamar Jackson AFC
91%
QB Aaron Rodgers NFC
90%
FS Eddie Jackson NFC
90%
QB Drew Brees NFC
88%
QB Russell Wilson NFC
88%
QB Deshaun Watson AFC
78%
OLB Chandler Jones NFC
76%
DT Chris Jones AFC
76%
WR Julio Jones NFC
76%
DE Josh Allen AFC
71%
WR Keenan Allen AFC
71%
RB Derrick Henry AFC
69%
QB Kirk Cousins NFC
69%
RB Christian McCaffrey NFC
67%
QB Ryan Tannehill AFC
67%
RB Nick Chubb AFC
66%
RB Dalvin Cook NFC
64%
RB Ezekiel Elliott NFC
64%
TE Jared Cook NFC
64%
C Jason Kelce NFC
64%
TE Travis Kelce AFC
64%
WR Davante Adams NFC
62%
FS Earl Thomas III AFC
62%
SS Jamal Adams AFC
62%
WR Michael Thomas NFC
62%
WR Tyreek Hill AFC
60%
SS Harrison Smith NFC
57%
ILB Jaylon Smith NFC
57%
DE Joey Bosa AFC
57%
DE Nick Bosa NFC
57%
T Orlando Brown Jr AFC
57%
T Trent Brown AFC
57%
T Tyron Smith NFC
57%
OLB Za'Darius Smith NFC
57%
TE George Kittle NFC
55%
OLB Khalil Mack NFC
55%
WR DeAndre Hopkins AFC
53%
WR Jarvis Landry AFC
53%
ILB Bobby Wagner NFC
52%
OLB T.J. Watt AFC
52%
DT Aaron Donald NFC
50%
RB Alvin Kamara NFC
50%
WR Mike Evans NFC
50%
CB Richard Sherman NFC
50%
RB Mark Ingram Jr AFC
48%
DE Melvin Ingram III AFC
48%
WR Amari Cooper NFC
47%
CB Jalen Ramsey NFC
47%
T Lane Johnson NFC
45%
TE Zach Ertz NFC
45%
WR Chris Godwin NFC
43%
TE Mark Andrews AFC
41%
OLB Von Miller AFC
41%
G Andrus Peat NFC
38%
DE Calais Campbell AFC
36%
DT Fletcher Cox NFC
36%
K Justin Tucker AFC
36%
LS Morgan Cox AFC
36%
CB Stephon Gilmore AFC
36%
CB Marcus Peters AFC
34%
CB Tre'Davious White AFC
33%
G Zack Martin NFC
33%
DE Cameron Jordan NFC
31%
G Quenton Nelson AFC
31%
T David Bakhtiari NFC
28%
RS Deonte Harris NFC
26%
WR Kenny Golladay NFC
26%
FS Minkah Fitzpatrick AFC
26%
DT Cameron Heyward AFC
24%
ILB Darius Leonard AFC
24%
DE Everson Griffen NFC
24%
DE Frank Clark AFC
24%
DT Kenny Clark NFC
24%
ILB Luke Kuechly NFC
24%
CB Shaquill Griffin NFC
24%
G Brandon Brooks NFC
22%
FB Kyle Juszczyk NFC
22%
T Terron Armstead NFC
22%
DE Danielle Hunter NFC
21%
CB Darius Slay NFC
21%
ILB Eric Kendricks NFC
21%
C Maurkice Pouncey AFC
21%
OLB Shaquil Barrett NFC
21%
WR Courtland Sutton AFC
19%
G David DeCastro AFC
19%
ILB Dont'a Hightower AFC
19%
DT Geno Atkins AFC
19%
FB Patrick Ricard AFC
19%
CB Kyle Fuller NFC
17%
CB Marshon Lattimore NFC
17%
C Rodney Hudson AFC
17%
CB Xavier Rhodes NFC
17%
G Marshal Yanda AFC
16%
OLB Matthew Judon AFC
16%
ST Matthew Slater AFC
16%
T Ronnie Stanley AFC
16%
FS Budda Baker NFC
14%
FB C.J. Ham NFC
14%
WR D.J. Chark AFC
14%
G Joel Bitonio AFC
14%
CB Marlon Humphrey AFC
14%
RS Mecole Hardman AFC
14%
TE Austin Hooper NFC
12%
G Brandon Scherff NFC
12%
ST Cordarrelle Patterson NFC
12%
TE Jack Doyle AFC
12%
C Travis Frederick NFC
12%
P Tress Way NFC
12%
K Wil Lutz NFC
9%
DT Grady Jarrett NFC
7%
DT Jurrell Casey AFC
7%
T Laremy Tunsil AFC
7%
C Ryan Kelly AFC
7%
P Brett Kern AFC
5%
CB Joe Haden AFC
5%
ILB Tremaine Edmunds AFC
5%
G Larry Warford NFC
3%
G Trai Turner NFC
3%
RS Andre Roberts AFC
2%
LS Rick Lovato NFC
0%
No matching quizzes found
Score Distribution
Percent of People with Each Score
Percentile by Number Answered
Your Score History
You have not taken this quiz since the last reset